مكتبة جامعة عجلون الوطنية

فهرس بحث المكتبة

Normal view MARC view
  • Connor,Gary B/John A.Woods

Entry Personal Name

Number of records used in: 1

001 - CONTROL NUMBER

  • control field: 1575

003 - CONTROL NUMBER IDENTIFIER

  • control field: JO-AjAnu

005 - DATE AND TIME OF LATEST TRANSACTION

  • control field: 20230606070548.0

008 - FIXED-LENGTH DATA ELEMENTS

  • fixed length control field: 230606|| aca||aabn | a|a d

040 ## - CATALOGING SOURCE

  • Original cataloging agency: JO-AjAnu
  • Transcribing agency: JO-AjAnu

100 ## - HEADING--PERSONAL NAME

  • Personal name: Connor,Gary B/John A.Woods

670 ## - SOURCE DATA FOUND

  • Source citation: Work cat.: (JO-AjAnu)827: Connor,Gary B/John A.Woods, author, Sales Games and Activities for Trainers:Easy-to-Use Games,Activities,and Exercises To Teach and Learn How to Sell